Historia de la campaña de la Breña (Registro nro. 11498)

Detalles MARC
000 -Cabecera
Campo de control interno 00442nam a2200181Ia 4500
005 - Fecha y hora del registro
control field 20260306162832.0
008 - Elementos de Longitud Fija
fixed length control field 260306t1981||||xx |||||||||||||| ||spa||
041 ## - Idioma
Codigo Idioma ESP
082 ## - DEWEY y NOTACIÓN INTERNA
Dewey 985.061
Notación Interna M42
100 ## - AUTOR
Autor denominación Mendoza Meléndez, Eduardo
Término de relación autor
245 #0 - TÍTULO DE MATERIAL BIBLIOGRÁFICO
Título Historia de la campaña de la Breña
260 ## - CIUDAD, EDITORIAL, AÑO
Año 1981
300 ## - DESCRIPCIÓN
N° Páginas 299 páginas :
Dimensiones 21 cm.
650 ## - TEMAS
Temas Generalidades
654 ## - PROGRAMAS
Programa Dpto. de Humanidades
942 ## - ELEMENTOS DE KOHA
Tipo de documento Libro
Nombre del creador Justo Noguera
Código de catalogador Justo Noguera
Esquema de clasificación Dewey Decimal Classification
Suppress in OPAC
Existencias
Codigo completo Registro Colección Copia número Disponibilidad Tipo de préstamo Biblioteca Actual Procedencia (Biblioteca) Ubicacón Fecha Ingreso Tipo de Adquisición Date last seen Total checkouts Price effective from Tipo de Item Estado del Material Fuente de Clasificación Damaged status Withdrawn status
985.061 M42 1012543 Universidad Católica San Pablo 1 Disponible Disponible Víctor Andrés Belaunde Víctor Andrés Belaunde Planta baja abierta 03/06/2026 Donación 06/03/2026   06/03/2026 Libro Bueno Dewey Decimal Classification